00389 a2200145 4500020001500000020001800015082000800033100001800041245006600059250001200125260004900137300002100186700001900207700001700226 a0521434386 a978052143438604a520 aAudouze, Jean14aThe cambridge atlas of astronomy /cJean Audouze, Guy Israel. a3rd ed. a[S.l.] :bCambridge University Press,c1994. a471 p. ;c37 cm.1 aAudouze, Jean.1 aIsrael, Guy.